| 000 | 00799cab a2200265 4500 | ||
|---|---|---|---|
| 001 | ABS41944 | ||
| 008 | 090401t1989 xxu||||| |||| 00| 0 eng d | ||
| 035 | _a(Sirsi) u33628 | ||
| 041 | _aeng | ||
| 100 | _aButtfield, A. | ||
| 245 | _aAvondale Square estate refurbishment | ||
| 260 | _c1989 | ||
| 350 | _a0 | ||
| 490 |
_aConstruction Repair _v3(10) December 1989, 8-10(3) |
||
| 520 | _aExamines the refurbishment of the high rise concrete frame Avondale Square estate, Old Kent Road, London. The defects are described together with the methods used to repair them. | ||
| 650 | _aCHLORIDE | ||
| 650 | _aCONCRETE | ||
| 650 | _aCORROSION | ||
| 650 | _aFLATS | ||
| 650 | _aRESIDENTIAL | ||
| 650 | _aTOWER BLOCKS | ||
| 690 |
_aRefurbishment _96264 |
||
| 942 | _n0 | ||
| 948 | _c04/03/1997 | ||
| 999 |
_c22432 _d22432 |
||